[Event "Michigan Open"]
[Site "East Lansing"]
[Date "1991.09.02"]
[Round "7"]
[White "Smith, Ed"]
[Black "Ball, Ed"]
[Result "1/2-1/2"]
[WhiteElo "1818"]
[BlackElo "1924"]
[PlyCount "192"]
[EventDate "1991.08.30"]

1. f4 d5 2. b3 c5 3. e3 Nc6 4. Bb5 Nf6 5. Nf3 e6 6. Bb2 a6 7. Bxc6+ bxc6 8. O-O
Bd6 9. Be5 Qc7 10. Nc3 Bxe5 11. Nxe5 O-O 12. Na4 Qd6 13. Nb6 Rb8 14. Nxc8 Rbxc8
15. Qe2 Ra8 16. d3 Nd7 17. Nxd7 Qxd7 18. g4 f6 19. d4 Qe7 20. c3 e5 21. Rae1 e4
22. Rc1 Rfb8 23. Rfd1 cxd4 24. cxd4 Qd7 25. Rc5 Rb5 26. Rdc1 Rxc5 27. Rxc5 Kf8
28. h3 Ke7 29. Ra5 Qb7 30. Qb2 Qb4 31. Qa3 Qxa3 32. Rxa3 a5 33. Ra4 Kd6 34. b4
Kc7 35. bxa5 Rb8 36. Ra3 Rb2 37. a6 Rb8 38. Kf2 Ra8 39. Ke2 Kb6 40. Rb3+ Ka5
41. Rb7 Rxa6 42. Rxg7 Kb4 43. Rxh7 Rxa2+ 44. Kf1 Kc3 45. g5 Kd3 46. gxf6 Kxe3
47. Rc7 Kf3 48. Kg1 e3 49. f7 Kg3 50. Kf1 e2+ 51. Ke1 Kf3 52. Re7 Ra1+ 53. Kd2
Ra2+ 54. Kc1 Ra8 55. Re8 e1=Q+ 56. Rxe1 Rf8 57. Re7 Kxf4 58. Kd2 Kf3 59. Kc3
Kg3 60. Kb4 Kxh3 61. Kc5 Kg4 62. Kxc6 Kf5 63. Kxd5 Kf6 64. Kd6 Ra8 65. Rc7 Ra6+
66. Rc6 Ra8 67. Rc7 Ra6+ 68. Kd5 Kg7 69. Ke5 Ra1 70. d5 Re1+ 71. Kd6 Kf8 72.
Kc6 Rc1+ 73. Kd7 Rd1 74. d6 Rd2 75. Rc1 Ra2 76. Rf1 Rc2 77. Rf6 Rc1 78. Kd8 Rc6
79. Kd7 Rc1 80. Rf2 Rc3 81. Kd8 Rc1 82. d7 Rc3 83. Rh2 Rc1 84. Rh8+ Kxf7 85.
Rh2 Rc3 86. Rf2+ Kg7 87. Ra2 Kf7 88. Re2 Rc1 89. Re7+ Kf8 90. Re2 Kf7 91. Rf2+
Kg7 92. Ke7 Re1+ 93. Kd6 Rd1+ 94. Ke6 Re1+ 95. Kf5 Rd1 96. Rg2+ Kf7 1/2-1/2

[Event "Michigan Open"]
[Site "East Lansing"]
[Date "1991.09.02"]
[Round "7"]
[White "Skidmore, Mike"]
[Black "Ward, Tom"]
[Result "0-1"]
[WhiteElo "1913"]
[BlackElo "2105"]
[PlyCount "90"]
[EventDate "1991.08.30"]

1. e4 c5 2. Nf3 d6 3. Bb5+ Nd7 4. O-O Ngf6 5. Re1 e6 6. b3 Be7 7. Bb2 O-O 8.
Bxd7 Bxd7 9. d3 Qc7 10. Nbd2 b5 11. e5 Ne8 12. exd6 Nxd6 13. Ne5 Be8 14. Qg4
Nf5 15. Ne4 f6 16. Nf3 Bd7 17. Ng3 Nxg3 18. hxg3 e5 19. Qe4 Bc6 20. Qe3 Rfe8
21. Nd2 Bd5 22. Nf3 c4 23. Qd2 Rad8 24. Qe2 cxd3 25. cxd3 Qd7 26. Red1 Bc5 27.
Rac1 Bb6 28. Nd2 Be6 29. Nf3 Bg4 30. Qe4 Bf5 31. Qb4 a5 32. Qd2 Qxd3 33. Qxd3
Rxd3 34. Nh4 Red8 35. Rxd3 Bxd3 36. Rc6 Bd4 37. Bxd4 exd4 38. Ra6 Be2 39. Nf5
d3 40. f3 d2 41. Ne3 d1=Q+ 42. Nxd1 Bxd1 43. Rxa5 Rb8 44. Ra7 Bc2 45. Rc7 Bb1
0-1

[Event "Michigan Open"]
[Site "East Lansing"]
[Date "1991.09.02"]
[Round "7"]
[White "Skidmore, Jennifer"]
[Black "Arganian, David G"]
[Result "0-1"]
[WhiteElo "1828"]
[BlackElo "2066"]
[PlyCount "48"]
[EventDate "1991.08.30"]

1. e4 e5 2. Nf3 Nc6 3. Bb5 a6 4. Ba4 Nf6 5. d3 Bc5 6. Bxc6 dxc6 7. Nxe5 Qd4 8.
Be3 Qxe5 9. d4 Qxe4 10. dxc5 Qxg2 11. Kd2 Bg4 12. Qg1 O-O-O+ 13. Kc3 Qe4 14. a3
Qe5+ 15. Kb3 Be6+ 16. c4 Bxc4+ 17. Kxc4 Qd5+ 18. Kb4 a5+ 19. Ka4 Qc4+ 20. b4
Qc2+ 21. Kxa5 b5 22. cxb6 Kb7 23. b5 Ra8+ 24. Kb4 Ra4# 0-1

[Event "Michigan Open"]
[Site "East Lansing"]
[Date "1991.09.02"]
[Round "7"]
[White "Scott, Steven"]
[Black "Golonka, Stan"]
[Result "1/2-1/2"]
[WhiteElo "1884"]
[BlackElo "2046"]
[PlyCount "78"]
[EventDate "1991.08.30"]

1. e4 c5 2. Nf3 Nc6 3. d4 cxd4 4. Nxd4 Nf6 5. Nc3 d6 6. Be2 g6 7. O-O Bg7 8.
Be3 O-O 9. Kh1 a6 10. Bf3 Ne5 11. Be2 b5 12. a3 Bb7 13. f3 Rc8 14. Qd2 Re8 15.
Nb3 Nc4 16. Bxc4 Rxc4 17. Rfd1 Qc8 18. Na5 Rc7 19. Nxb7 Qxb7 20. Ne2 Rec8 21.
c3 Nd7 22. Bh6 Nc5 23. Rab1 Nb3 24. Qe3 Qa7 25. Qxa7 Rxa7 26. Bxg7 Kxg7 27. Nd4
Na5 28. Kg1 Nc4 29. Kf2 Rc5 30. Nb3 Rc8 31. Nd4 Rac7 32. Nc2 Rb7 33. Nb4 a5 34.
Nd5 b4 35. axb4 e6 36. Ne3 Nxe3 37. Kxe3 axb4 38. cxb4 Rxb4 39. Rxd6 Rcb8
1/2-1/2

[Event "Michigan Open"]
[Site "East Lansing"]
[Date "1991.09.02"]
[Round "6"]
[White "Schoonmaker, John"]
[Black "Lang, Brad"]
[Result "1-0"]
[WhiteElo "1967"]
[BlackElo "1779"]
[PlyCount "53"]
[EventDate "1991.08.30"]

1. d4 Nf6 2. Nf3 d5 3. e3 e6 4. Bd3 Bd6 5. Nbd2 Nbd7 6. O-O O-O 7. c3 b6 8. e4
dxe4 9. Nxe4 Nxe4 10. Bxe4 Rb8 11. Qc2 Nf6 12. Bg5 h6 13. Bh4 Be7 14. Bd3 Nh5
15. Bxe7 Qxe7 16. Ne5 Bb7 17. Bh7+ Kh8 18. Be4 Nf6 19. Bxb7 Rxb7 20. f4 c5 21.
Rae1 Qc7 22. f5 exf5 23. Rxf5 cxd4 24. Rxf6 gxf6 25. Qd2 fxe5 26. Qxh6+ Kg8 27.
Qg5+ 1-0

[Event "Michigan Open"]
[Site "East Lansing"]
[Date "1991.09.02"]
[Round "7"]
[White "Robbins, Fred"]
[Black "Mikus, Jim"]
[Result "1-0"]
[WhiteElo "1873"]
[BlackElo "1792"]
[PlyCount "115"]
[EventDate "1991.08.30"]

1. f4 d5 2. b3 Nf6 3. Bb2 e6 4. Nf3 c5 5. e3 Nc6 6. Bb5 a6 7. Bxc6+ bxc6 8. O-O
Be7 9. Ne5 Bb7 10. d3 O-O 11. Nd2 Nd7 12. Nxd7 Qxd7 13. Qg4 f6 14. Rf3 Rf7 15.
Raf1 f5 16. Qh3 Bf6 17. Be5 Qe7 18. c4 Rd8 19. R1f2 g6 20. g3 h5 21. Qf1 Rd7
22. Qa1 Bxe5 23. Qxe5 Qf6 24. Qxf6 Rxf6 25. e4 Rff7 26. e5 a5 27. Re3 a4 28.
bxa4 Ba6 29. Nb3 dxc4 30. Nxc5 cxd3 31. Rd2 Bc4 32. Nxd7 Rxd7 33. a3 c5 34. Re1
Rc7 35. Rc1 Bd5 36. Kf2 Be4 37. Rc3 Ra7 38. Rxc5 Rxa4 39. Rc3 Ra6 40. Rdxd3
Bxd3 41. Rxd3 Kf7 42. Kf3 Ke7 43. h3 Ra4 44. h4 Re4 45. Rb3 Ra4 46. Ke3 Ke8 47.
Kd3 Ke7 48. Kc3 Re4 49. Rb7+ Kf8 50. Rd7 Ra4 51. Kb3 Ra5 52. Rd3 Rb5+ 53. Ka4
Rd5 54. Rxd5 exd5 55. Kb5 d4 56. Kc4 d3 57. Kxd3 Ke7 58. Kc4 1-0

[Event "Michigan Open"]
[Site "East Lansing"]
[Date "1991.09.02"]
[Round "7"]
[White "Repkin, Victor"]
[Black "Long, Randy"]
[Result "1/2-1/2"]
[WhiteElo "2041"]
[BlackElo "1840"]
[PlyCount "69"]
[EventDate "1991.08.30"]

1. d4 Nf6 2. Nf3 b6 3. c4 e6 4. Nc3 Bb7 5. Bg5 Be7 6. Qc2 d5 7. e3 Nbd7 8. cxd5
exd5 9. Bd3 h6 10. Bh4 O-O 11. O-O c5 12. Rad1 c4 13. Be2 a6 14. a4 Qc7 15. Bg3
Bd6 16. Nh4 Bxg3 17. hxg3 Rfe8 18. Qf5 Rad8 19. g4 g6 20. Qc2 Kg7 21. g3 Nf8
22. Kg2 Bc8 23. g5 hxg5 24. Nf3 Ne6 25. Ne5 Rh8 26. Bf3 g4 27. Be2 Ng5 28. Rh1
Rh5 29. Rdg1 Rdh8 30. Qd1 Nf3 31. Rxh5 Rxh5 32. Nxf3 gxf3+ 33. Bxf3 Bh3+ 34.
Kh2 Bg4+ 35. Kg2 1/2-1/2

[Event "Michigan Open"]
[Site "East Lansing"]
[Date "1991.09.02"]
[Round "6"]
[White "Owens, James"]
[Black "Norman, Bryan"]
[Result "1/2-1/2"]
[WhiteElo "2117"]
[BlackElo "2285"]
[PlyCount "100"]
[EventDate "1991.08.30"]

1. e4 c5 2. Nf3 d6 3. d4 cxd4 4. Nxd4 Nf6 5. Nc3 g6 6. Be3 Bg7 7. f3 O-O 8. Qd2
Nc6 9. O-O-O Be6 10. h4 Ne5 11. g4 Qa5 12. Kb1 Rfc8 13. Nd5 Qxd2 14. Nxf6+ Bxf6
15. Rxd2 Bd7 16. Bg5 Kg7 17. Bxf6+ Kxf6 18. Bb5 Bxb5 19. Nxb5 Rc5 20. Nc3 Ke6
21. Rf1 Rac8 22. Nd5 Rb5 23. b4 Nc4 24. Rd4 Nb6 25. a4 Nxa4 26. c4 Ke5 27. Rfd1
Rxd5 28. Rxd5+ Kf4 29. Rc1 Nb6 30. Rb5 Nxc4 31. Rxb7 a5 32. Rxe7 axb4 33. Rxf7+
Kg3 34. Ka2 b3+ 35. Kxb3 Nd2+ 36. Kb2 Rxc1 37. Kxc1 Nxf3 38. Rxh7 Kxg4 39. Kc2
Nxh4 40. Kd3 Nf3 41. Rh8 g5 42. Rh6 Ne5+ 43. Kd4 Nf3+ 44. Kd5 Kf4 45. Rf6+ Ke3
46. Rxd6 g4 47. Rg6 Kf4 48. Rf6+ Ke3 49. e5 Nxe5 50. Kxe5 g3 1/2-1/2

[Event "Michigan Open"]
[Site "East Lansing"]
[Date "1991.09.02"]
[Round "6"]
[White "O'Donnell, Robert"]
[Black "Mazuchowski, Tom"]
[Result "0-1"]
[WhiteElo "2299"]
[BlackElo "2159"]
[PlyCount "76"]
[EventDate "1991.08.30"]

1. d4 Nf6 2. c4 g6 3. Nc3 Bg7 4. e4 d6 5. Nf3 O-O 6. Be2 Bg4 7. Be3 Nfd7 8. O-O
Bxf3 9. Bxf3 e5 10. dxe5 dxe5 11. Qb3 b6 12. Qa4 c6 13. Rfd1 Qc7 14. b4 Re8 15.
b5 Nf8 16. Rab1 c5 17. Bg4 Nbd7 18. Rd3 Nf6 19. Bh3 Qb7 20. f3 Ne6 21. Bxe6
Rxe6 22. Rbd1 h6 23. Bf2 Re7 24. Bh4 g5 25. Bf2 Rd7 26. Rxd7 Nxd7 27. Nd5 Nf8
28. Rd3 Rd8 29. h4 Ne6 30. hxg5 hxg5 31. Qd1 Nd4 32. Bxd4 exd4 33. f4 gxf4 34.
Qg4 Rd6 35. Qxf4 Qd7 36. Rg3 Rg6 37. Qb8+ Kh7 38. Rh3+ Qxh3 0-1

[Event "Michigan Open"]
[Site "East Lansing"]
[Date "1991.09.02"]
[Round "7"]
[White "Norman, Bryan"]
[Black "Norcross, John"]
[Result "0-1"]
[WhiteElo "2285"]
[BlackElo "2139"]
[PlyCount "77"]
[EventDate "1991.08.30"]

1. e4 e5 2. Nf3 Nc6 3. Bb5 f5 4. Nc3 fxe4 5. Nxe4 d5 6. Nxe5 dxe4 7. Nxc6 Qg5
8. Qe2 Nf6 9. O-O a6 10. Ne5+ axb5 11. d4 Qf5 12. f3 Be7 13. Qxb5+ c6 14. Qb3
Qe6 15. fxe4 Qxb3 16. cxb3 Be6 17. Re1 Bxb3 18. Bg5 Bxa2 19. d5 cxd5 20. exd5
O-O 21. Bxf6 Bxf6 22. d6 Rfd8 23. Rad1 Be6 24. Nc6 bxc6 25. Rxe6 Rd7 26. Rc1 c5
27. Kf1 Kf7 28. Re4 Rxd6 29. Rxc5 Rd2 30. Re2 Rxe2 31. Kxe2 Ra2 32. Kf3 Rxb2
33. Ra5 Rb3+ 34. Ke2 Rb1 35. Rd5 Ke6 36. Ra5 Be5 37. h3 Kf5 38. Ra4 Rb2+ 39.
Kf3 0-1

[Event "Michigan Open"]
[Site "East Lansing"]
[Date "1991.09.02"]
[Round "7"]
[White "Noren, Kevin"]
[Black "Finegold, Ron"]
[Result "1/2-1/2"]
[WhiteElo "2270"]
[BlackElo "2166"]
[PlyCount "28"]
[EventDate "1991.08.30"]

1. Nf3 d5 2. g3 Nf6 3. Bg2 e6 4. O-O Be7 5. b3 O-O 6. c4 c6 7. Bb2 Nbd7 8. d3
a5 9. Nc3 Nc5 10. d4 Nce4 11. Nd2 Nxc3 12. Bxc3 b5 13. e4 Ba6 14. Re1 dxe4
1/2-1/2

[Event "Michigan Open"]
[Site "East Lansing"]
[Date "1991.09.02"]
[Round "6"]
[White "Norcross, John"]
[Black "Kitts, Gary"]
[Result "1-0"]
[WhiteElo "2139"]
[BlackElo "2064"]
[PlyCount "63"]
[EventDate "1991.08.30"]

1. e4 e6 2. Nc3 d5 3. exd5 exd5 4. d4 Nf6 5. Be3 c6 6. Nf3 Bg4 7. Be2 Bd6 8. h3
Bh5 9. Ne5 Bxe2 10. Qxe2 h6 11. O-O-O O-O 12. g4 Nbd7 13. f4 Qc7 14. h4 b5 15.
g5 b4 16. gxf6 bxc3 17. Nxd7 Qxd7 18. Rdg1 cxb2+ 19. Kb1 g6 20. h5 Qf5 21. hxg6
fxg6 22. Rxh6 Rxf6 23. Bd2 Bf8 24. Rhh1 c5 25. Qh2 Bg7 26. Rg5 Qe4 27. f5 Rxf5
28. Rxg6 Raf8 29. Qh8+ Kf7 30. Qxg7+ Ke8 31. Re1 Rf1 32. Rg1 1-0

[Event "Michigan Open"]
[Site "East Lansing"]
[Date "1991.09.02"]
[Round "7"]
[White "Needleman, Andrew"]
[Black "Leighton, George"]
[Result "1/2-1/2"]
[WhiteElo "1620"]
[BlackElo "1878"]
[PlyCount "89"]
[EventDate "1991.08.30"]

1. d4 Nf6 2. c4 g6 3. Nc3 Bg7 4. e4 d6 5. f3 O-O 6. Be3 c6 7. Bd3 a6 8. Nge2
Nbd7 9. O-O b5 10. b3 Ne8 11. Qd2 b4 12. Nd1 a5 13. Rc1 c5 14. d5 Ne5 15. Bb1
f5 16. Bh6 fxe4 17. Bxg7 Kxg7 18. Bxe4 Nf6 19. Bb1 a4 20. f4 Neg4 21. f5 axb3
22. axb3 Bxf5 23. Bxf5 gxf5 24. Qg5+ Kh8 25. Rxf5 Rg8 26. Qf4 Ne5 27. Rb1 Ra2
28. Ng3 Qe8 29. Nf2 Ng6 30. Qe3 Ne5 31. Rxe5 dxe5 32. Qxe5 Rg7 33. Nf5 Rf7 34.
Ne4 Re2 35. Nfg3 Ra2 36. Rf1 Rf8 37. Nxc5 Kg8 38. Ne6 Rf7 39. Nf5 Kh8 40. Nh6
Rd2 41. g3 Ra2 42. d6 Rg7 43. Nxg7 Qa8 44. Rf2 Ra1+ 45. Rf1 1/2-1/2

[Event "Michigan Open"]
[Site "East Lansing"]
[Date "1991.09.02"]
[Round "7"]
[White "Moore, Robert"]
[Black "Ghiata, Gheorghe"]
[Result "1/2-1/2"]
[WhiteElo "1822"]
[BlackElo "1923"]
[PlyCount "120"]
[EventDate "1991.08.30"]

1. e4 c5 2. Nf3 d6 3. d4 cxd4 4. Nxd4 a6 5. a4 e6 6. Nc3 Nf6 7. Bg5 Be7 8. f4
Qc7 9. Qf3 O-O 10. Bd3 Nc6 11. Nxc6 bxc6 12. g4 Rb8 13. b3 Qa5 14. O-O Qxc3 15.
e5 Qc5+ 16. Kh1 dxe5 17. fxe5 Qxe5 18. Bf4 Qd5 19. Qxd5 exd5 20. Bxb8 Bxg4 21.
Bg3 a5 22. Be1 Bd8 23. Bd2 c5 24. Rae1 Be6 25. Bb5 Ne4 26. Bf4 Bh3 27. Rf3 Bg4
28. Rfe3 Bh4 29. Bg3 Nxg3+ 30. hxg3 Bg5 31. Re8 Bf3+ 32. Kh2 Be4 33. Rxf8+ Kxf8
34. c4 f5 35. cxd5 Bxd5 36. Re5 Be4 37. Rxc5 Bd2 38. Bc4 Ke7 39. Kh3 Kf6 40.
Rc7 h6 41. Rd7 Bc3 42. Rd6+ Kg5 43. Bf7 f4 44. gxf4+ Kxf4 45. Kh4 Ke3 46. Kh5
Bf3+ 47. Kg6 Kf4 48. Bd5 Be5 49. Bxf3 Bxd6 50. Bd5 Be5 51. Bc4 Kf3 52. Bb5 Kf4
53. Be2 Bc3 54. Bc4 h5 55. Kxh5 g5 56. Be6 g4 57. Bxg4 Bd2 58. Be6 Bb4 59. Bc4
Ke4 60. Kg4 Kd4 1/2-1/2

[Event "Michigan Open"]
[Site "East Lansing"]
[Date "1991.09.02"]
[Round "6"]
[White "Moore, Robert"]
[Black "Garrison, Ray"]
[Result "1-0"]
[WhiteElo "1822"]
[BlackElo "1844"]
[PlyCount "55"]
[EventDate "1991.08.30"]

1. e4 d6 2. d4 Nf6 3. Nc3 g6 4. Bc4 Bg7 5. Nf3 O-O 6. O-O Nc6 7. h3 e5 8. a3
Nxe4 9. Nxe4 d5 10. Bg5 f6 11. Nxf6+ Bxf6 12. Bxf6 Rxf6 13. dxe5 Nxe5 14. Nxe5
Rd6 15. Bb3 Qg5 16. f4 Qg3 17. Qf3 Qh4 18. Bxd5+ Kg7 19. Bxb7 Bxb7 20. Qxb7 Re8
21. Qxc7+ Re7 22. Qxd6 a5 23. c4 a4 24. c5 g5 25. Qxe7+ Kh6 26. Ng4+ Qxg4 27.
hxg4 gxf4 28. Qf6# 1-0

[Event "Michigan Open"]
[Site "East Lansing"]
[Date "1991.09.02"]
[Round "7"]
[White "Moody, David"]
[Black "Czuhai, Kevin"]
[Result "1-0"]
[WhiteElo "2000"]
[BlackElo "2237"]
[PlyCount "59"]
[EventDate "1991.08.30"]

1. e4 e6 2. d4 d5 3. Nc3 Nf6 4. Bg5 dxe4 5. Nxe4 Be7 6. Bxf6 gxf6 7. Nf3 b6 8.
Bd3 Qd7 9. Qe2 a5 10. O-O-O Ba6 11. Bxa6 Nxa6 12. d5 e5 13. d6 cxd6 14. Rxd6
Qa4 15. Nxf6+ Bxf6 16. Rxf6 O-O 17. Nxe5 Qxa2 18. Qg4+ Kh8 19. Qd4 Kg8 20. Rd1
Nc5 21. Ng4 h5 22. Rh6 f6 23. Nxf6+ Rxf6 24. Qxf6 Qa1+ 25. Kd2 Ne4+ 26. Ke2
Nxf6 27. Rxa1 Kg7 28. Rxf6 Kxf6 29. Rd1 Ke5 30. Ke3 1-0

[Event "Michigan Open"]
[Site "East Lansing"]
[Date "1991.09.02"]
[Round "6"]
[White "Moody, David"]
[Black "Brooks, John"]
[Result "0-1"]
[WhiteElo "2000"]
[BlackElo "2228"]
[PlyCount "138"]
[EventDate "1991.08.30"]

1. e4 c5 2. Nf3 Nf6 3. e5 Nd5 4. c3 e6 5. d4 cxd4 6. cxd4 d6 7. Nc3 Nxc3 8.
bxc3 Nc6 9. exd6 Bxd6 10. Bd3 h6 11. O-O O-O 12. c4 e5 13. c5 Bc7 14. d5 Nb8
15. d6 Ba5 16. Bb2 Nd7 17. Rc1 Bb4 18. Nxe5 Qa5 19. Qe2 Bxc5 20. Ng6 Rd8 21.
Ne7+ Kf8 22. Bc3 Qa4 23. Bxg7+ Kxg7 24. Rc4 Qxc4 25. Bxc4 Nf6 26. Nxc8 Raxc8
27. Rb1 b6 28. Rb3 Rxd6 29. g3 Re8 30. Qf3 Rd2 31. a4 Re1+ 32. Kg2 Rxf2+ 33.
Qxf2 Bxf2 34. Kxf2 Ra1 35. Bb5 Ng4+ 36. Kg2 Ra2+ 37. Kg1 Nxh2 38. Rc3 Ng4 39.
Rc7 Ra1+ 40. Kg2 a6 41. Be8 Ne5 42. Re7 Ra2+ 43. Kf1 Kf6 44. Ra7 a5 45. Rb7 Rb2
46. Bb5 h5 47. Rxb6+ Kg5 48. Ra6 Kg4 49. Be2+ Kxg3 50. Bxh5 Rf2+ 51. Ke1 Rf5
52. Be2 Nf3+ 53. Kd1 Rd5+ 54. Kc1 Nd4 55. Bb5 Nxb5 56. axb5 Rxb5 57. Rf6 Rb7
58. Ra6 f5 59. Rxa5 f4 60. Kd1 Re7 61. Ra8 f3 62. Rg8+ Kf2 63. Rf8 Rd7+ 64. Kc2
Ke2 65. Re8+ Kf1 66. Rf8 f2 67. Kc3 Rg7 68. Kd2 Kg1 69. Ke2 Re7+ 0-1

[Event "Michigan Open"]
[Site "East Lansing"]
[Date "1991.09.02"]
[Round "6"]
[White "Mitchell, Richard"]
[Black "Robbins, Fred"]
[Result "1-0"]
[WhiteElo "1950"]
[BlackElo "1873"]
[PlyCount "73"]
[EventDate "1991.08.30"]

1. d4 Nf6 2. f3 g6 3. e4 d6 4. Be3 Bg7 5. Nc3 c6 6. Qd2 h5 7. Nh3 a6 8. Nf2 Bd7
9. a4 Qa5 10. Be2 Qc7 11. O-O b6 12. b4 Qb7 13. b5 axb5 14. axb5 Rxa1 15. Rxa1
O-O 16. bxc6 Nxc6 17. d5 Na7 18. Rb1 b5 19. Nxb5 Nxb5 20. c4 Rb8 21. cxb5 Nh7
22. b6 Nf8 23. Nd3 Bc8 24. Nb4 Ra8 25. Qc1 Nd7 26. Qc7 Nf6 27. Rc1 Ne8 28. Qc6
Kf8 29. Ba6 Rxa6 30. Nxa6 Qxa6 31. Qxc8 Qd3 32. Bf2 Bd4 33. b7 Kg7 34. b8=Q Kh6
35. Qc2 Bxf2+ 36. Qxf2 Nf6 37. Qh8+ 1-0

[Event "Michigan Open"]
[Site "East Lansing"]
[Date "1991.09.02"]
[Round "6"]
[White "Mikus, Jim"]
[Black "Scott, Steven"]
[Result "0-1"]
[WhiteElo "1792"]
[BlackElo "1884"]
[PlyCount "106"]
[EventDate "1991.08.30"]

1. e4 c5 2. c3 d5 3. exd5 Qxd5 4. Nf3 Nf6 5. Be2 e6 6. O-O Nc6 7. d3 Be7 8. Be3
O-O 9. Qc2 e5 10. Nbd2 Be6 11. Rfd1 Rfd8 12. Ne4 b6 13. Bg5 Bf5 14. Nxf6+ gxf6
15. Bh6 Rac8 16. Nh4 Bg6 17. Nxg6 hxg6 18. Bf3 Qe6 19. Be3 f5 20. h3 Kg7 21. a3
f4 22. Bc1 f5 23. g4 Rh8 24. Kg2 Rh4 25. Rh1 Rch8 26. Qe2 Kf6 27. Bd2 Nd8 28.
c4 Bd6 29. Bd5 Qd7 30. f3 Qh7 31. Rag1 Rxh3 32. Rxh3 Qxh3+ 33. Kf2 Qh4+ 34. Kf1
Qh2 35. Rg2 Qh1+ 36. Rg1 Qh3+ 37. Ke1 fxg4 38. fxg4 g5 39. Kd1 Qh2 40. Qe1 Qh4
41. Qe4 Qh7 42. Qe2 Qg6 43. Kc2 Rh3 44. Be4 Qh6 45. Bf3 Ne6 46. Bc3 Rh2 47. Bg2
Qh4 48. Kb1 Qg3 49. Bxe5+ Bxe5 50. Re1 Qe3 51. Qf1 Qd2 52. Re2 Qxd3+ 53. Ka1
Nd4 0-1

[Event "Michigan Open"]
[Site "East Lansing"]
[Date "1991.09.02"]
[Round "7"]
[White "Mazuchowski, Tom"]
[Black "Tsemekhman, Vadim"]
[Result "0-1"]
[WhiteElo "2159"]
[BlackElo "2450"]
[PlyCount "64"]
[EventDate "1991.08.30"]

1. c4 g6 2. Nf3 Bg7 3. d4 Nf6 4. b3 O-O 5. Bb2 d5 6. e3 c5 7. dxc5 Qa5+ 8. Qd2
Qxc5 9. cxd5 Ne4 10. Qe2 Qa5+ 11. Kd1 Qxd5+ 12. Kc1 Qc6+ 13. Qc4 Bxb2+ 14. Kxb2
Nxf2 15. Qxc6 Nxc6 16. Rg1 Nd1+ 17. Ka3 Nxe3 18. Kb2 Bf5 19. Nc3 Rad8 20. Bb5
Nd4 21. Nxd4 Rxd4 22. Rac1 Rd2+ 23. Ka3 a6 24. Be2 Nc2+ 25. Ka4 Rc8 26. Bc4 b5+
27. Nxb5 axb5+ 28. Kxb5 Na3+ 29. Kb6 Nxc4+ 30. bxc4 Rb2+ 31. Ka7 Rc7+ 32. Ka8
Be4# 0-1

[Event "Michigan Open"]
[Site "East Lansing"]
[Date "1991.09.02"]
[Round "7"]
[White "Malumphy, Joseph"]
[Black "Frawley, Ed"]
[Result "1-0"]
[WhiteElo "1966"]
[BlackElo "1828"]
[PlyCount "135"]
[EventDate "1991.08.30"]

1. e4 e5 2. Nf3 Nc6 3. Bb5 a6 4. Ba4 Nf6 5. O-O Be7 6. Re1 b5 7. Bb3 O-O 8. c3
d5 9. exd5 Nxd5 10. Nxe5 Nxe5 11. Rxe5 Nf6 12. g3 h5 13. d4 h4 14. Bg5 hxg3 15.
fxg3 Bd6 16. Nd2 Bxe5 17. dxe5 Qe7 18. exf6 Qc5+ 19. Kg2 Bb7+ 20. Nf3 Bxf3+ 21.
Qxf3 Qxg5 22. fxg7 Kxg7 23. Rf1 c5 24. h4 Qg6 25. Rf2 c4 26. Bc2 Qh6 27. Kh3
Rae8 28. Qg4+ Kh8 29. Rf6 Qg7 30. Qh5+ Kg8 31. Rf5 f6 32. Rf4 Re5 33. Bf5 Rxf5
34. Qxf5 Qh7 35. Qe6+ Qf7 36. Rxf6 Qxe6+ 37. Rxe6 Rf2 38. Rxa6 Rxb2 39. Rb6
Rxa2 40. Rxb5 Ra3 41. h5 Rxc3 42. Rc5 Rc1 43. Kg4 Kg7 44. Kg5 Rd1 45. Rc7+ Kg8
46. Rxc4 Rd5+ 47. Kh4 Kg7 48. g4 Rd7 49. g5 Kh7 50. h6 Kg6 51. Rc6+ Kh7 52. Kh5
Rd5 53. Rc7+ Kh8 54. Rf7 Kg8 55. Rf6 Kh7 56. Re6 Rc5 57. Re7+ Kh8 58. Kg6 Rc6+
59. Kf5 Rb6 60. g6 Rb5+ 61. Kf6 Rb6+ 62. Kf7 Rb8 63. Re8+ Rxe8 64. Kxe8 Kg8 65.
Ke7 Kh8 66. Kf6 Kg8 67. g7 Kh7 68. Kf7 1-0

[Event "Michigan Open"]
[Site "East Lansing"]
[Date "1991.09.02"]
[Round "6"]
[White "Long, Randy"]
[Black "Needleman, Andrew"]
[Result "1/2-1/2"]
[WhiteElo "1840"]
[BlackElo "1620"]
[PlyCount "38"]
[EventDate "1991.08.30"]

1. e4 c6 2. Nc3 d5 3. Nf3 dxe4 4. Nxe4 Bf5 5. Ng3 Bg6 6. Bc4 Nd7 7. h4 h6 8. h5
Bh7 9. d4 Qc7 10. O-O e6 11. Qe2 O-O-O 12. Ne5 Nxe5 13. dxe5 Bc5 14. Bf4 Ne7
15. c3 Nd5 16. Bxd5 Rxd5 17. Rad1 Rhd8 18. Rxd5 Rxd5 19. Ne4 Bxe4 1/2-1/2

[Event "Michigan Open"]
[Site "East Lansing"]
[Date "1991.09.02"]
[Round "7"]
[White "Levadi, David"]
[Black "Bagherabadi, Mohammed"]
[Result "0-1"]
[WhiteElo "1957"]
[BlackElo "2130"]
[PlyCount "40"]
[EventDate "1991.08.30"]

1. Nc3 c5 2. Nf3 d5 3. e4 d4 4. Bb5+ Nc6 5. Bxc6+ bxc6 6. Nb1 Qc7 7. d3 e5 8.
Nbd2 g6 9. O-O Bg7 10. Nc4 Ne7 11. Bd2 O-O 12. Ba5 Qb8 13. Re1 Bg4 14. Rb1 f5
15. b4 fxe4 16. Rxe4 Bxf3 17. gxf3 Nd5 18. bxc5 Qc8 19. Nd6 Qh3 20. Qf1 Qxf3
0-1

[Event "Michigan Open"]
[Site "East Lansing"]
[Date "1991.09.02"]
[Round "7"]
[White "Laren, Philip"]
[Black "Andrews, Steve"]
[Result "1-0"]
[WhiteElo "2224"]
[BlackElo "2272"]
[PlyCount "71"]
[EventDate "1991.08.30"]

1. d4 Nf6 2. c4 g6 3. Nc3 Bg7 4. e4 d6 5. Be2 O-O 6. Nf3 Nc6 7. O-O Bg4 8. Be3
e5 9. d5 Ne7 10. c5 Bxf3 11. Bxf3 Nd7 12. cxd6 cxd6 13. Nb5 a6 14. Na3 b5 15.
Rc1 Qb8 16. Qe2 f5 17. Bg5 Nf6 18. Nc2 Qb7 19. Nb4 Rac8 20. Nc6 fxe4 21. Nxe7+
Qxe7 22. Bg4 Rxc1 23. Rxc1 h6 24. Be6+ Kh8 25. Bd2 Ra8 26. Ba5 Qa7 27. Rc6 Qd4
28. Rxd6 Ne8 29. Rc6 Qa4 30. Bc3 Qxa2 31. h4 Qb1+ 32. Kh2 Qd3 33. Qxd3 exd3 34.
d6 e4 35. d7 Bxc3 36. Rc8 1-0

[Event "Michigan Open"]
[Site "East Lansing"]
[Date "1991.09.02"]
[Round "7"]
[White "LaMar, Frank"]
[Black "Aldrich, Jeff"]
[Result "1-0"]
[WhiteElo "2012"]
[BlackElo "1837"]
[PlyCount "47"]
[EventDate "1991.08.30"]

1. d4 d5 2. c4 e6 3. Nf3 Nf6 4. g3 c6 5. Bg2 Bd6 6. O-O Nbd7 7. Qc2 Qc7 8. c5
Be7 9. Bf4 Qd8 10. Nc3 b6 11. b4 a5 12. a3 Ba6 13. Qa4 Qc8 14. Rfc1 Bc4 15. b5
bxc5 16. bxc6 Nb6 17. Qc2 Qxc6 18. Ne5 Qc8 19. Rab1 Nfd7 20. Na4 Bd8 21. dxc5
Nxa4 22. Qxa4 g5 23. Nxc4 gxf4 24. Nd6+ 1-0

[Event "Michigan Open"]
[Site "East Lansing"]
[Date "1991.09.02"]
[Round "6"]
[White "Kulbacki, James"]
[Black "Skidmore, Jennifer"]
[Result "0-1"]
[WhiteElo "2044"]
[BlackElo "1828"]
[PlyCount "79"]
[EventDate "1991.08.30"]

1. d4 d5 2. c4 dxc4 3. Nf3 e6 4. e3 Nf6 5. Bxc4 b6 6. O-O Bb7 7. Nc3 Nbd7 8.
Qe2 Bb4 9. a3 Bxc3 10. bxc3 O-O 11. Bd3 c5 12. e4 cxd4 13. cxd4 h6 14. Bf4 Re8
15. Rfc1 Rc8 16. Rxc8 Qxc8 17. Rc1 Qa8 18. Nd2 e5 19. dxe5 Nxe5 20. Bb5 Re7 21.
f3 a6 22. Ba4 b5 23. Bb3 Nc6 24. Be3 Nd7 25. Qf2 Nce5 26. Qg3 Kh7 27. Bd4 f6
28. Bc2 Qe8 29. Nf1 g6 30. Ne3 Qf7 31. Bb1 Nf8 32. Qh3 Ne6 33. Ba2 Nd3 34. Rd1
Ndf4 35. Qh4 g5 36. Qe1 Qg6 37. e5 Nxd4 38. Rxd4 fxe5 39. Ng4 Qb6 40. Nf6+ 0-1

[Event "Michigan Open"]
[Site "East Lansing"]
[Date "1991.09.02"]
[Round "7"]
[White "Kitts, Gary"]
[Black "Bailey, Greg"]
[Result "0-1"]
[WhiteElo "2064"]
[BlackElo "2106"]
[PlyCount "50"]
[EventDate "1991.08.30"]

1. e4 e6 2. d4 d5 3. Nd2 Nf6 4. e5 Ng8 5. Bd3 c5 6. c3 Nc6 7. Ndf3 Bd7 8. Ne2
Qc7 9. O-O O-O-O 10. Ng5 Nh6 11. f4 c4 12. Bc2 f5 13. exf6 gxf6 14. Nxh7 Be7
15. Ng3 Nf5 16. Nxf5 exf5 17. Qh5 Rdg8 18. Bxf5 Bxf5 19. Qxf5+ Qd7 20. Qxd7+
Kxd7 21. Nxf6+ Bxf6 22. f5 Rh5 23. b3 Nxd4 24. Rd1 Ne2+ 25. Kf2 Nxc3 0-1